Catálogo de la Biblioteca Horacio González - Universidad Nacional de General Sarmiento

Nelson de Las Palomas (Registro nro. 65113)

Detalles MARC
000 -CABECERA
campo de control de longitud fija 01058nac a2200325 a 4500
001 - NÚMERO DE CONTROL
campo de control UByD002590
003 - IDENTIFICADOR DEL NÚMERO DE CONTROL
campo de control AR-LpoUNG
005 - FECHA Y HORA DE LA ÚLTIMA TRANSACCIÓN
campo de control 20240325131645.0
008 - DATOS DE LONGITUD FIJA--INFORMACIÓN GENERAL
campo de control de longitud fija 240321s2023||||ag |||||||||||||||||spa d
040 ## - FUENTE DE LA CATALOGACIÓN
Centro catalogador/agencia de origen AR-LpoUNG
Lengua de catalogación spa
Centro/agencia transcriptor AR-LpoUNG
Normas de descripción aacr
041 ## - CÓDIGO DE LENGUA
Código de lengua del texto/banda sonora o título independiente spa
044 ## - CÓDIGO DEL PAÍS DE LA ENTIDAD EDITORA/PRODUCTORA
Código MARC del país ag
082 0# - NÚMERO DE LA CLASIFICACIÓN DECIMAL DEWEY
Número de clasificación 808.068 3 582nel
245 10 - MENCIÓN DE TÍTULO
Título Nelson de Las Palomas
250 ## - MENCIÓN DE EDICIÓN
Mención de edición 1ra. ed.
260 ## - PUBLICACIÓN, DISTRIBUCIÓN, ETC.
Lugar de publicación, distribución, etc. Buenos Aires :
Nombre del editor, distribuidor, etc. Biblioteca Nacional,
Fecha de publicación, distribución, etc. 2023.
300 ## - DESCRIPCIÓN FÍSICA
Extensión [14] p. :
Otras características físicas il., fot.
490 0# - MENCIÓN DE SERIE
Mención de serie Guardianes de la cultura
500 ## - NOTA GENERAL
Nota general A toda la colección le corresponde el mismo ISBN : 9789877281705.
500 ## - NOTA GENERAL
Nota general Cuento escrito por alumnos y alumnas de la escuela N° 220 "Heroínas de Ayohuma" de Las Palomas (San Luis, Argentina).
505 0# - NOTA DE CONTENIDO CON FORMATO
Nota de contenido con formato Sugerido a partir de 6 años (etiqueta AMARILLA).
650 #4 - PUNTO DE ACCESO ADICIONAL DE MATERIA--TÉRMINO DE MATERIA
Término de materia o nombre geográfico como elemento de entrada CUENTOS
650 #4 - PUNTO DE ACCESO ADICIONAL DE MATERIA--TÉRMINO DE MATERIA
Término de materia o nombre geográfico como elemento de entrada LITERATURA
653 #0 - TÉRMINO DE INDIZACIÓN--NO CONTROLADO
Término no controlado LITERATURA INFANTIL
700 1# - PUNTO DE ACCESO ADICIONAL--NOMBRE DE PERSONA
Nombre de persona Kerner, Iván
Término indicativo de función/relación il.
-- coor.
700 1# - PUNTO DE ACCESO ADICIONAL--NOMBRE DE PERSONA
Nombre de persona Clerici, Mey
Término indicativo de función/relación il.
-- coor.
710 2# - PUNTO DE ACCESO ADICIONAL--NOMBRE DE ENTIDAD CORPORATIVA
Nombre de entidad corporativa o nombre de jurisdicción como elemento de entrada Biblioteca Nacional Mariano Moreno
905 ## - ELEMENTOS DE DATOS E LOCAL, LDE (RLIN)
a 34093
942 ## - ELEMENTOS DE PUNTO DE ACCESO ADICIONAL (KOHA)
Tipo de ítem Koha Libro
Fuente del sistema de clasificación o colocación Dewey Decimal Classification
Existencias
Estado de retiro Estado de pérdida Fuente del sistema de clasificación o colocación Estado dañado No para préstamo Código de colección Localización permanente Ubicación/localización actual Fecha de adquisición Total de préstamos Signatura topográfica completa Código de barras Fecha visto por última vez Precio válido a partir de Tipo de ítem Koha
    Dewey Decimal Classification     Colección Literatura infantojuvenil Biblioteca Universidad Nacional de General Sarmiento Biblioteca Universidad Nacional de General Sarmiento 21/03/2024   808.068 3 582nel LI00069377 21/03/2024 21/03/2024 Libro